B.A.S. – British and American Studies A Journal of Romanian Society of English and American Studies

Guardado en:
Detalles Bibliográficos
Formato: Seriadas
Lenguaje:inglés
Publicado: Timisoara Universitatea de Vest din Timisoara
Etiquetas: Agregar Etiqueta
Sin Etiquetas, Sea el primero en etiquetar este registro!

MARC

LEADER 00000nas1a2200000 4500
001 0303073
005 20250701092135.7
022 |a 1224-3086 
022 |a 2457-7715 
041 0 |a eng 
044 |a RO 
245 1 0 |a B.A.S. – British and American Studies  |b A Journal of Romanian Society of English and American Studies 
264 1 |a Timisoara  |b Universitatea de Vest din Timisoara